Manažér a riadenie podniku

Bibliographic Details
Main Author: Alexy, Július, 1926- (Author)
Format: Article
Language:Slovak
Subjects:

MARC

LEADER 00000nab a2200000 a 4500
001 vtls000550512
003 SK-MaSNL
005 20260304173211.0
008 120929c1995 xo 0 slo
015 |a SNBRB19rr/mm-uuuuu 
035 |a CL0550650 
040 |a SNKBUCL  |b slo  |c SNKBUCL  |e AACR2 
041 0 |a slo 
044 |a xo  |c SK 
080 |a 658.114.012.43-051  |2 1981 
080 |a 331.021.5  |2 1981 
100 1 |a Alexy, Július,  |d 1926-  |4 aut  |9 92390 
245 1 0 |a Manažér a riadenie podniku  |c Július Alexy 
650 0 7 |a manažéri  |2 snkbucl  |9 1758 
650 0 7 |a riadiaca práca  |2 snkbucl  |9 925 
655 7 |a články z novín a časopisov  |2 snkbucl  |9 267496 
773 0 |t Zvesti  |g Roč. 3, č. 5 (1995), s. 106-107 
850 |a Slovenská národná knižnica v Martine  |a MTA001 
852 |a SNK  |b KIS3GCP 
958 |a RK 
992 |a RBX 
999 |c 3002012  |d 3003942